000 00425nam a2200181Ia 4500
001 9562
005 20260306161727.0
008 260306t2007||||xx |||||||||||||| ||spa||
041 _aESP
082 _a382.1
_bC294
100 _aCzinkota Michael R.
_eAUT
245 0 _aNegocios internacionales
260 _c2007
300 _axxxi, 779 páginas :
_c27 cm.
650 _aGEN
654 _aCAN
942 _cLIB
_dJUS
_fJUS
_2ddc
_n
999 _c9562
_d9562